| 000 | 00783nam a2200253 i 4500 | ||
|---|---|---|---|
| 001 | bg | ||
| 245 | 0 | 0 |
_aMały słownik etyczny / _cpod red. nauk. Stanisława Jedynaka ; [aut.] Józef Dębowski [et al.]. |
| 250 | _aWyd. 2 (uzup., popr.). | ||
| 260 |
_aBydgoszcz : _b"Branta", _ccop. 1999. |
||
| 300 |
_a331 s. : _bil., portr. ; _c20 cm. |
||
| 504 | _aBibliogr. s. 319-331. | ||
| 650 | 9 | _aEtyka | |
| 655 | _aEncyklopedie | ||
| 700 | 1 |
_aDĘBOWSKI, Józef _d(1952- ) |
|
| 700 | 1 |
_aJEDYNAK, Stanisław _d(1939- ). _eRed. |
|
| 020 | _a8386605529 | ||
| 040 | _cBPK | ||
| 041 | 0 | _apl | |
| 080 | _a17(03) | ||
| 920 | _a83-86605-52-9 | ||
| 942 | _cKS | ||
| 008 | s pl f |000 0 pol | ||
| 999 |
_c41995 _d41995 |
||
| 856 |
_uhttp://koha.tu.koszalin.pl/cgi-bin/koha/opac-detail.pl?biblionumber=41995 _yKatalog online BPK |
||